APEC Schools

A is for admission : (Record no. 7076)

000 -LEADER
fixed length control field nam a22 7a 4500
005 - DATE AND TIME OF LATEST TRANSACTION
control field 20190212075224.0
008 - FIXED-LENGTH DATA ELEMENTS--GENERAL INFORMATION
fixed length control field 190212b xxu||||| |||| 00| 0 eng d
020 ## - IDENTIFIER FOR THE MANIFESTATION
Identifier for the Manifestation 0446523194
Binding hard bound
040 ## - CATALOGING SOURCE
Language of Cataloging eng
Transcribing Agency APEC Schools Library
Description Conventions rda
082 ## - DEWEY DECIMAL CLASSIFICATION NUMBER
Classification number C 378.161
Author's Number H557a 1997
100 ## - CREATOR
Preferred Name of the Person Hernandez, Michele A.
245 ## - TITLE AND STATEMENT OF RESPONSIBILITY
Preferred Title Proper A is for admission :
Remainder of Title the insider's guide to getting into the ivy league and other top colleges /
Statement of Responsibility/Parallel Statement of Responsibility Michele A. Hernandez
264 ## - PUBLICATION STATEMENT
Place of publication, distribution, etc New York :
Publisher's Name/Parallel Publisher's Name Warner Books,
Copyright ©1997.
300 ## - PHYSICAL DESCRIPTION
Extent xx, 266 pages ;
Dimensions 22 cm.
336 ## - RDA CONTENT
Source rdacontent
Content Type text
337 ## - RDA MEDIA
Source rdamedia
Media Type unmediated
338 ## - RDA CARRIER
Source rdacarrier
Carrier Type volume
504 ## - BIBLIOGRAPHY, ETC. NOTE
Bibliography, etc Includes index.
650 ## - ADDED SUBJECT ACCESS POINT - TOPICAL TERM
Topical Term Universities and colleges--Admission.
942 ## - ADDED ENTRY ELEMENTS (KOHA)
Source of Classification
Koha Item Type Books
Holdings
Library Site Location Shelving Location Source of Acquisition Full Classification Number Accession Number Koha Item Type
APEC V. Luna Library APEC V. Luna Library Circulation Institutional Fund C 378.161 H557a 1997 A01-0000201 Non Fiction

Powered by Koha